| 000 | 03911nam a2200445 a 4500 | ||
|---|---|---|---|
| 005 | 20091212120655.0 | ||
| 008 | 060711r20081994mnua j 000 1 eng | ||
| 010 | _aB-384334-349 | ||
| 020 |
_a9781595663054 (set) _c110.00 |
||
| 020 |
_a9781595663139 _c110.00 |
||
| 035 | _aB-384334-349 | ||
| 037 | _bBlueberry | ||
| 040 |
_adpl _bEnglish |
||
| 082 | _a595.44 | ||
| 100 | _aMorgan, Sally | ||
| 245 |
_aAnimal lives spiders / _cby Sally Morgan ; edited by Christine Harvey |
||
| 260 |
_bQEB Publishing _c2004 |
||
| 270 | _a23062 La Cadena Drive, Laguna Hills | ||
| 300 |
_a32p. _c26cm(pbk) _bcol. ill |
||
| 500 | _aIncludes glossary and index | ||
| 700 | _aHarvey,Christine | ||
| 942 |
_2ddc _cCH _mMOR _h595.44 |
||
| 999 |
_c32635 _d32635 |
||